000 00264nam a2200109Ia 4500
008 200302s9999 xx 000 0 und d
100 _aDennie Houghton Carter
245 _aAll About Decorating
260 _bConso Publishing Co.,
260 _c1977
300 _a303 P.,
999 _c407
_d407